[Event "Open SSC Rostock 07"]
[Site "Rostock"]
[Date "2008.08.29"]
[Round "3.16"]
[White "Huhnstock, Rico"]
[Black "Bezkorovaynyy, Mykola"]
[Result "1-0"]
[WhiteElo "1885"]
[BlackElo "1612"]
[PlyCount "81"]
[EventDate "2008.08.28"]
[EventType "swiss"]
[EventRounds "7"]
[EventCountry "GER"]
[Source "Th.Schwetlick"]
[SourceDate "2008.08.28"]
[WhiteTeam "Segeberger SF"]
[BlackTeam "ESV Rot-Weiss Goettingen"]

1. e4 c5 2. Nf3 d6 3. d4 cxd4 4. Nxd4 Nf6 5. Nc3 a6 6. Be2 e6 7. O-O Be7 8. Be3
O-O 9. Qd2 Qc7 10. f4 b5 11. a3 Bb7 12. Bf3 Nbd7 13. f5 e5 14. Nb3 Nb6 15. Bxb6
Qxb6+ 16. Kh1 Rac8 17. Nd5 Nxd5 18. exd5 Rc7 19. Be4 h6 20. f6 Bxf6 21. Rxf6
Rc4 22. Re1 a5 23. Rf3 Ra8 24. c3 Bc8 25. h3 Bd7 26. Qf2 Qxf2 27. Rxf2 g6 28.
Rf6 Kg7 29. Rxd6 Be8 30. Nd2 Rc5 31. Bd3 f6 32. Ne4 Rc7 33. Rxf6 Rb8 34. Ref1
Rd7 35. Nd6 b4 36. Nxe8+ Rxe8 37. Rxg6+ Kh8 38. Rxh6+ Rh7 39. Rxh7+ Kg8 40. Rh4
bxc3 41. bxc3 1-0

[Event "Open SSC Rostock 07"]
[Site "Rostock"]
[Date "2008.08.29"]
[Round "3.17"]
[White "Raitza, Egon"]
[Black "Mueggenburg, Rolf"]
[Result "1-0"]
[WhiteElo "1869"]
[BlackElo "1533"]
[PlyCount "69"]
[EventDate "2008.08.28"]
[EventType "swiss"]
[EventRounds "7"]
[EventCountry "GER"]
[Source "Th.Schwetlick"]
[SourceDate "2008.08.28"]
[WhiteTeam "SSC Rostock 07"]
[BlackTeam "HSG Uni Rostock"]

1. d4 d5 2. Nf3 Nf6 3. e3 g6 4. c4 Bg7 5. Nc3 O-O 6. cxd5 Nxd5 7. e4 Nb6 8. Be3
Bg4 9. Be2 Bxf3 10. Bxf3 Nc4 11. Qe2 Nxe3 12. fxe3 a6 13. O-O Nc6 14. Rac1 Rb8
15. e5 Na7 16. Ne4 c6 17. Nc5 e6 18. a4 Qe7 19. Ne4 Rfd8 20. Qc4 Kh8 21. Qc5
Nc8 22. Be2 Qc7 23. Ng5 Kg8 24. Rxf7 Qb6 25. Rxg7+ Kxg7 26. Nxe6+ Kh8 27. Nxd8
Qxd8 28. Rf1 Kg7 29. Bc4 Nb6 30. Rf7+ Kh6 31. Bb3 Nd5 32. Bxd5 cxd5 33. Qc7 Qg8
34. e6 g5 35. Rf6+ 1-0

[Event "Open SSC Rostock 07"]
[Site "Rostock"]
[Date "2008.08.29"]
[Round "3.18"]
[White "Zimmermann, Ulrich"]
[Black "Jepp, Wolfgang"]
[Result "1-0"]
[WhiteElo "1818"]
[BlackElo "1531"]
[PlyCount "75"]
[EventDate "2008.08.28"]
[EventType "swiss"]
[EventRounds "7"]
[EventCountry "GER"]
[Source "Th.Schwetlick"]
[SourceDate "2008.08.28"]
[WhiteTeam "SK Bebenhausen 1992"]
[BlackTeam "SV RUGIA Bergen"]

1. e4 c5 2. c3 Nc6 3. d4 cxd4 4. cxd4 e6 5. Nc3 Bb4 6. a3 Bxc3+ 7. bxc3 d5 8.
e5 Nge7 9. Bd3 Ng6 10. Nf3 h6 11. O-O f5 12. exf6 Qxf6 13. Rb1 O-O 14. a4 b6
15. Ba3 Rf7 16. Qc2 Nf4 17. Be2 Nxe2+ 18. Qxe2 Bd7 19. Bd6 Re8 20. Ne5 Nxe5 21.
Bxe5 Qg6 22. Ra1 Rc8 23. Rfc1 Rc4 24. a5 b5 25. Qb2 a6 26. Qd2 Rf5 27. Rcb1 Bc6
28. Rb4 Rg5 29. g3 Qf5 30. f4 Rg6 31. Re1 h5 32. Re3 Kf7 33. Kg2 h4 34. Qe2
hxg3 35. hxg3 Rh6 36. g4 Qh7 37. f5 Rh2+ 38. Bxh2 1-0

[Event "Open SSC Rostock 07"]
[Site "Rostock"]
[Date "2008.08.29"]
[Round "3.19"]
[White "Boehm, Matthias"]
[Black "Sura, Christian"]
[Result "1-0"]
[WhiteElo "1756"]
[BlackElo "1405"]
[PlyCount "75"]
[EventDate "2008.08.28"]
[EventType "swiss"]
[EventRounds "7"]
[EventCountry "GER"]
[Source "Th.Schwetlick"]
[SourceDate "2008.08.28"]
[WhiteTeam "HSG Uni Rostock"]
[BlackTeam "SSC Rostock 07"]

1. e4 c5 2. f4 a6 3. Nf3 d6 4. Nc3 Nf6 5. d3 Nc6 6. g3 Bg4 7. Bg2 Nd4 8. O-O g6
9. h3 Bxf3 10. Bxf3 Nxf3+ 11. Qxf3 Bg7 12. e5 dxe5 13. fxe5 Qd4+ 14. Kg2 Qxe5
15. Bf4 Qe6 16. Qxb7 Rc8 17. Rae1 Qc6+ 18. Qxc6+ Rxc6 19. b3 Nh5 20. Be5 Bxe5
21. Rxe5 f6 22. Re2 Kd7 23. Rfe1 Re8 24. Kf3 Ng7 25. Na4 Kd6 26. Nb2 Kd7 27.
Nc4 Re6 28. c3 Rxe2 29. Rxe2 Ne6 30. Nb6+ Kd6 31. Nc4+ Kd7 32. h4 Nc7 33. Ke4
Nb5 34. Rc2 Nd6+ 35. Kd5 Nxc4 36. dxc4 Rc8 37. Re2 Rc6 38. Rxe7+ 1-0

[Event "Open SSC Rostock 07"]
[Site "Rostock"]
[Date "2008.08.29"]
[Round "3.20"]
[White "Vladov, Mark"]
[Black "Jaehn, Janis"]
[Result "1-0"]
[WhiteElo "1708"]
[BlackElo "1514"]
[PlyCount "29"]
[EventDate "2008.08.28"]
[EventType "swiss"]
[EventRounds "7"]
[EventCountry "GER"]
[Source "Th.Schwetlick"]
[SourceDate "2008.08.28"]
[WhiteTeam "SF Ostsee Warnemuende"]
[BlackTeam "SF Schwerin"]

1. c4 Nf6 2. g3 g6 3. Bg2 Bg7 4. Nf3 O-O 5. O-O d6 6. Nc3 c5 7. d4 cxd4 8. Nxd4
a6 9. h3 Qc7 10. Qb3 Nbd7 11. Na4 Rb8 12. Be3 b6 13. Nc6 Nc5 14. Nxc5 dxc5 15.
Bf4 1-0

[Event "Open SSC Rostock 07"]
[Site "Rostock"]
[Date "2008.08.29"]
[Round "3.21"]
[White "Schreiber, Nico"]
[Black "Appel, Gerald"]
[Result "1-0"]
[WhiteElo "1685"]
[BlackElo "1722"]
[PlyCount "83"]
[EventDate "2008.08.28"]
[EventType "swiss"]
[EventRounds "7"]
[EventCountry "GER"]
[Source "Th.Schwetlick"]
[SourceDate "2008.08.28"]
[WhiteTeam "ASV Gruen-Weiss Wismar"]
[BlackTeam "SV Motor Wolgast 1949"]

1. d4 Nf6 2. Nf3 g6 3. Bf4 Bg7 4. e3 d6 5. c3 b6 6. Nbd2 Bb7 7. Be2 Nbd7 8. O-O
O-O 9. Qc2 Rc8 10. Rad1 c5 11. Bb5 a6 12. Bxd7 Qxd7 13. Rfe1 Nh5 14. Bg3 Nxg3
15. hxg3 Qc6 16. Nf1 h5 17. d5 Qd7 18. e4 b5 19. Ne3 Rcd8 20. a3 a5 21. Rb1 e6
22. Red1 exd5 23. Nxd5 Bxd5 24. Rxd5 Rc8 25. Rbd1 Qe7 26. Rxd6 Bd4 27. Rd5 Bg7
28. Rd7 Qe6 29. R1d6 Qa2 30. Rd5 b4 31. Rd2 bxa3 32. bxa3 Qxa3 33. e5 Rfe8 34.
Ng5 Rxe5 35. Rd8+ Rxd8 36. Rxd8+ Bf8 37. Nf3 Re4 38. Qxe4 Qxc3 39. Qa8 Qg7 40.
Qxa5 c4 41. Ne5 Kh7 42. Nxc4 1-0

[Event "Open SSC Rostock 07"]
[Site "Rostock"]
[Date "2008.08.29"]
[Round "3.22"]
[White "Celmer, Ole"]
[Black "Moeller, Stefan"]
[Result "1/2-1/2"]
[WhiteElo "1410"]
[BlackElo "1684"]
[PlyCount "31"]
[EventDate "2008.08.28"]
[EventType "swiss"]
[EventRounds "7"]
[EventCountry "GER"]
[Source "Th.Schwetlick"]
[SourceDate "2008.08.28"]
[WhiteTeam "SSC Rostock 07"]
[BlackTeam "HSG Uni Rostock"]

1. e4 e5 2. Nf3 Nc6 3. Bc4 Bc5 4. c3 Nf6 5. d4 exd4 6. cxd4 Bb4+ 7. Bd2 Bxd2+
8. Nbxd2 d5 9. exd5 Nxd5 10. O-O O-O 11. Nb3 Bg4 12. h3 Bh5 13. Re1 Nb6 14. Be2
Re8 15. Qd2 Qf6 16. Rad1 1/2-1/2

[Event "Open SSC Rostock 07"]
[Site "Rostock"]
[Date "2008.08.29"]
[Round "3.23"]
[White "Birnbaum, Wolf Dieter"]
[Black "Schreiber, Felix"]
[Result "1-0"]
[WhiteElo "2096"]
[BlackElo "1292"]
[PlyCount "39"]
[EventDate "2008.08.28"]
[EventType "swiss"]
[EventRounds "7"]
[EventCountry "GER"]
[Source "Th.Schwetlick"]
[SourceDate "2008.08.28"]
[WhiteTeam "SF Ostsee Warnemuende"]
[BlackTeam "ASV Gruen-Weiss Wismar"]

1. Nf3 Nf6 2. g3 d5 3. Bg2 c6 4. O-O g6 5. d4 Bg7 6. c4 e6 7. Nc3 O-O 8. Bf4
Nbd7 9. cxd5 exd5 10. Qd2 Re8 11. Rfe1 Nb6 12. b3 Bf5 13. Bg5 Nbd7 14. Rac1 Qc8
15. Nh4 Nb6 16. f3 h5 17. Qf4 Nh7 18. Bh6 Bd7 19. Bh1 f6 20. Nxg6 1-0

[Event "Open SSC Rostock 07"]
[Site "Rostock"]
[Date "2008.08.29"]
[Round "3.24"]
[White "Bardosch, Konstantin"]
[Black "Hingst, Silke"]
[Result "0-1"]
[WhiteElo "1203"]
[BlackElo "1774"]
[PlyCount "78"]
[EventDate "2008.08.28"]
[EventType "swiss"]
[EventRounds "7"]
[EventCountry "GER"]
[Source "Th.Schwetlick"]
[SourceDate "2008.08.28"]
[WhiteTeam "SSC Rostock 07"]
[BlackTeam "SSC Rostock 07"]

1. d4 f5 2. c4 Nf6 3. Nc3 d6 4. Nf3 g6 5. e3 Bg7 6. Bd3 O-O 7. O-O Qe8 8. Bd2
e5 9. Nb5 Na6 10. c5 e4 11. Bc4+ d5 12. Bxd5+ Nxd5 13. Qb3 Be6 14. Ng5 Nf4 15.
Nxe6 Qxe6 16. exf4 Qxb3 17. axb3 c6 18. Nd6 Bxd4 19. Nxb7 Nxc5 20. Nxc5 Bxc5
21. Rfc1 Rfd8 22. Be1 Rd5 23. b4 Bb6 24. Rxc6 Rad8 25. Kf1 R8d7 26. Rac1 Rd4
27. Re6 Rd1 28. Rxd1 Rxd1 29. Ke2 Rb1 30. Re8+ Kf7 31. Bc3 Kxe8 32. f3 exf3+
33. Kxf3 Kf7 34. h3 Rf1+ 35. Ke2 Rxf4 36. Be1 Re4+ 37. Kf1 Bd4 38. Bc3 Bxc3 39.
bxc3 Rc4 0-1

[Event "Open SSC Rostock 07"]
[Site "Rostock"]
[Date "2008.08.29"]
[Round "3.25"]
[White "Friedel, Roland"]
[Black "Bardosch, Karl Valentin"]
[Result "1-0"]
[WhiteElo "1487"]
[BlackElo "1183"]
[PlyCount "39"]
[EventDate "2008.08.28"]
[EventType "swiss"]
[EventRounds "7"]
[EventCountry "GER"]
[Source "Th.Schwetlick"]
[SourceDate "2008.08.28"]
[WhiteTeam "SF Drensteinfurt"]
[BlackTeam "SSC Rostock 07"]

1. d4 d5 2. Nf3 Nc6 3. e3 Nf6 4. a3 e6 5. Bd3 Bd7 6. Nbd2 Bd6 7. e4 dxe4 8.
Nxe4 Nxe4 9. Bxe4 O-O 10. O-O Rb8 11. c3 Ne7 12. Bc2 Ng6 13. Qd3 Bc6 14. Re1
Bxf3 15. Qxf3 c6 16. Re4 Qc7 17. Qh5 Be7 18. Re3 Qd8 19. Rh3 f6 20. Qxh7+ 1-0

[Event "Open SSC Rostock 07"]
[Site "Rostock"]
[Date "2008.08.29"]
[Round "3.26"]
[White "Hartmann, Andreas"]
[Black "Pererva, Viktor"]
[Result "0-1"]
[WhiteElo "1165"]
[BlackElo "1486"]
[PlyCount "54"]
[EventDate "2008.08.28"]
[EventType "swiss"]
[EventRounds "7"]
[EventCountry "GER"]
[Source "Th.Schwetlick"]
[SourceDate "2008.08.28"]
[WhiteTeam "SV Einheit Schwerin"]
[BlackTeam "SSC Rostock 07"]

1. c4 Nf6 2. Nc3 e6 3. e4 d6 4. d4 c5 5. Nf3 cxd4 6. Qxd4 Nc6 7. Qd1 Be7 8. Bd3
O-O 9. O-O a6 10. a3 Qc7 11. Be3 Ng4 12. Bf4 Bf6 13. Qc2 Nce5 14. Qe2 Nxf3+ 15.
Qxf3 Ne5 16. Rfd1 Nxf3+ 17. gxf3 Bxc3 18. bxc3 e5 19. Bg5 f5 20. f4 exf4 21.
Bxf4 fxe4 22. c5 exd3 23. Bxd6 Qc6 24. Rxd3 Rf3 25. Rxf3 Qxf3 26. Kf1 Bg4 27.
Re1 Qh1# 0-1

[Event "Open SSC Rostock 07"]
[Site "Rostock"]
[Date "2008.08.29"]
[Round "3.27"]
[White "Doering, Manfred"]
[Black "Kirchner, Holger"]
[Result "1-0"]
[WhiteElo "1286"]
[BlackElo "1141"]
[PlyCount "67"]
[EventDate "2008.08.28"]
[EventType "swiss"]
[EventRounds "7"]
[EventCountry "GER"]
[Source "Th.Schwetlick"]
[SourceDate "2008.08.28"]
[WhiteTeam "SV Einheit Schwerin"]
[BlackTeam "Luebecker SV von 1873"]

1. d4 Nf6 2. c4 e6 3. Nc3 Bb4 4. Bd2 O-O 5. e3 d5 6. Bd3 dxc4 7. Bxc4 c5 8. Nf3
Nc6 9. a3 Bxc3 10. bxc3 cxd4 11. cxd4 Re8 12. O-O e5 13. dxe5 Nxe5 14. Nxe5
Rxe5 15. Bc3 Qxd1 16. Rfxd1 Re8 17. Bb5 Rf8 18. Bb4 Be6 19. Bxf8 Kxf8 20. Rac1
a6 21. Bc4 b5 22. Bxe6 fxe6 23. f3 Kf7 24. Rc7+ Kg6 25. e4 h5 26. h4 Re8 27.
Rc6 a5 28. Rb6 b4 29. axb4 axb4 30. Rxb4 Kf7 31. Rb7+ Kg6 32. Rc1 e5 33. Rcc7
Rg8 34. Re7 1-0

[Event "Open SSC Rostock 07"]
[Site "Rostock"]
[Date "2008.08.29"]
[Round "4.1"]
[White "Tomczak, Rafal"]
[Black "Rolle, Eric"]
[Result "1-0"]
[WhiteElo "2350"]
[BlackElo "2241"]
[PlyCount "45"]
[EventDate "2008.08.28"]
[EventType "swiss"]
[EventRounds "7"]
[EventCountry "GER"]
[Source "Th.Schwetlick"]
[SourceDate "2008.08.28"]
[WhiteTeam "SSC Rostock 07"]
[BlackTeam "ESV 1949 Eberswalde"]

1. e4 c5 2. Nf3 Nc6 3. d4 cxd4 4. Nxd4 e5 5. Nb5 a6 6. Nd6+ Bxd6 7. Qxd6 Qf6 8.
Qa3 Nge7 9. Nc3 Rb8 10. Bd3 b5 11. Ne2 O-O 12. Be3 d5 13. exd5 Nxd5 14. Bxh7+
Kxh7 15. Qxf8 Nxe3 16. fxe3 Qh4+ 17. Ng3 Qc4 18. Qd6 Bf5 19. Nxf5 Rd8 20. Qc7
Qb4+ 21. c3 Qxb2 22. O-O Rd2 23. Qxc6 1-0

[Event "Open SSC Rostock 07"]
[Site "Rostock"]
[Date "2008.08.29"]
[Round "4.2"]
[White "Kesten, Sebastian"]
[Black "Szelag, Marcin"]
[Result "1/2-1/2"]
[WhiteElo "2098"]
[BlackElo "2474"]
[PlyCount "63"]
[EventDate "2008.08.28"]
[EventType "swiss"]
[EventRounds "7"]
[EventCountry "GER"]
[Source "Th.Schwetlick"]
[SourceDate "2008.08.28"]
[WhiteTeam "SC Neukloster"]
[BlackTeam "SSC Rostock 07"]

1. d4 Nf6 2. c4 g6 3. Nc3 Bg7 4. e4 d6 5. Be2 O-O 6. Nf3 e5 7. O-O Nc6 8. d5
Ne7 9. Ne1 Nd7 10. Be3 f5 11. f3 f4 12. Bf2 g5 13. Rc1 Rf6 14. c5 Nxc5 15. b4
Na6 16. Nb5 Bd7 17. Nxa7 Qb8 18. Nb5 c6 19. Nc3 Nxb4 20. Qb3 c5 21. a3 Na6 22.
Rb1 Bc8 23. Nd3 Rf7 24. Nb2 Nc7 25. Nc4 Ne8 26. Nb6 Ra5 27. Be1 Qc7 28. Nc4 Ra6
29. Nb6 Ra5 30. Nc4 Ra8 31. Nb6 Ra7 32. Nc4 1/2-1/2

[Event "Open SSC Rostock 07"]
[Site "Rostock"]
[Date "2008.08.29"]
[Round "4.4"]
[White "Schulz, Michael"]
[Black "Valet, Richard"]
[Result "1-0"]
[WhiteElo "2260"]
[BlackElo "2071"]
[PlyCount "49"]
[EventDate "2008.08.28"]
[EventType "swiss"]
[EventRounds "7"]
[EventCountry "GER"]
[Source "Th.Schwetlick"]
[SourceDate "2008.08.28"]
[WhiteTeam "SC Zitadelle Spandau 1977"]
[BlackTeam "Greifswalder SV"]

1. d4 Nf6 2. Bg5 e6 3. Nd2 h6 4. Bh4 d5 5. e3 c5 6. c3 Nbd7 7. Ngf3 Be7 8. Bd3
b6 9. Bxf6 Nxf6 10. Ne5 O-O 11. f4 Bb7 12. Qf3 Nd7 13. O-O Nxe5 14. fxe5 cxd4
15. exd4 Bg5 16. Rad1 a5 17. Qe2 Bxd2 18. Rxd2 Qc8 19. Qg4 Ba6 20. Rf6 Bxd3 21.
Rxd3 Rd8 22. Rg3 g6 23. Rxf7 Kxf7 24. Qxg6+ Ke7 25. Qg7+ 1-0

[Event "Open SSC Rostock 07"]
[Site "Rostock"]
[Date "2008.08.29"]
[Round "4.5"]
[White "Wilting, Alexander"]
[Black "Westphal, Wolfgang"]
[Result "0-1"]
[WhiteElo "1903"]
[BlackElo "2251"]
[PlyCount "145"]
[EventDate "2008.08.28"]
[EventType "swiss"]
[EventRounds "7"]
[EventCountry "GER"]
[Source "Th.Schwetlick"]
[SourceDate "2008.08.28"]
[WhiteTeam "ESV Rot-Weiss Goettingen"]
[BlackTeam "SC Neukloster"]

1. e4 c5 2. Nf3 Nc6 3. Nc3 e5 4. Bc4 Be7 5. d3 Nf6 6. Nd2 O-O 7. Nf1 d6 8. Ne3
Be6 9. Ncd5 Bxd5 10. Bxd5 Nxd5 11. Nxd5 Bg5 12. O-O Bxc1 13. Rxc1 a5 14. c3 b5
15. f4 b4 16. f5 f6 17. g4 Ne7 18. Ne3 Qe8 19. Nc4 Qc6 20. Ne3 bxc3 21. Rxc3 a4
22. Qc2 Qd7 23. Rb1 Rfb8 24. a3 Nc6 25. b4 Nd4 26. Qa2+ Qf7 27. Nd5 Kh8 28. Kh1
Nb3 29. Rc4 Qa7 30. Rg1 cxb4 31. Nxb4 Qe3 32. Rg3 Qf4 33. Qg2 Nd4 34. g5 fxg5
35. Rxg5 Ra7 36. Rg4 Qe3 37. Rg3 Qh6 38. Qh3 Ne2 39. Re3 Qxh3 40. Rxh3 Nf4 41.
Rf3 h5 42. Rf2 Kh7 43. h4 Ra5 44. Rfc2 d5 45. Rc7 dxe4 46. dxe4 Rb6 47. Rd7 Ra8
48. Rcc7 Rg8 49. Re7 Rd6 50. Rxe5 Rd1+ 51. Kh2 Ra1 52. Kg3 Ne2+ 53. Kf2 Nf4 54.
Kf3 Rf1+ 55. Ke3 Ng2+ 56. Ke2 Ra1 57. Nc2 Rb1 58. f6 Nf4+ 59. Ke3 Ng2+ 60. Kf2
Nf4 61. Ree7 Rb2 62. e5 Ng6 63. Re6 Nxh4 64. Ra6 Nf5 65. e6 Kg6 66. fxg7 Kg5
67. Rxa4 Rxg7 68. Rxg7+ Nxg7 69. Ra5+ Kf6 70. Rc5 h4 71. Kf3 Nxe6 72. Rc6 Ke5
73. Kg4 {ZÜ} 0-1

[Event "Open SSC Rostock 07"]
[Site "Rostock"]
[Date "2008.08.29"]
[Round "4.6"]
[White "Kliewe, Hans Juergen"]
[Black "Jahn, Constanze"]
[Result "0-1"]
[WhiteElo "2192"]
[BlackElo "2150"]
[PlyCount "60"]
[EventDate "2008.08.28"]
[EventType "swiss"]
[EventRounds "7"]
[EventCountry "GER"]
[Source "Th.Schwetlick"]
[SourceDate "2008.08.28"]
[WhiteTeam "ASV Gruen-Weiss Wismar"]
[BlackTeam "USV Halle"]

1. d4 Nf6 2. Nf3 e6 3. Bf4 b6 4. e3 Bb7 5. Nbd2 Be7 6. Bd3 c5 7. c3 cxd4 8.
exd4 O-O 9. O-O Nd5 10. Bg3 f5 11. h3 Nc6 12. a3 Rc8 13. c4 Nf6 14. b4 Nb8 15.
Re1 Ne4 16. Be5 Nxd2 17. Nxd2 Bf6 18. Nb3 Bxe5 19. Rxe5 Qg5 20. Qf1 Nc6 21.
Ree1 Ne7 22. Rad1 Ng6 23. Kh2 Nh4 24. f3 Qf4+ 25. Kg1 Rf6 26. Qf2 Rg6 27. g4
Nxf3+ 28. Kf1 Qh6 29. Re3 Qxh3+ 30. Ke2 Rxg4 0-1

[Event "Open SSC Rostock 07"]
[Site "Rostock"]
[Date "2008.08.29"]
[Round "4.7"]
[White "Huhnstock, Rico"]
[Black "Hanisch, Sebastian"]
[Result "1/2-1/2"]
[WhiteElo "1885"]
[BlackElo "2109"]
[PlyCount "56"]
[EventDate "2008.08.28"]
[EventType "swiss"]
[EventRounds "7"]
[EventCountry "GER"]
[Source "Th.Schwetlick"]
[SourceDate "2008.08.28"]
[WhiteTeam "Segeberger SF"]
[BlackTeam "SF Schwerin"]

1. e4 e6 2. d4 d5 3. Nd2 dxe4 4. Nxe4 Nd7 5. Nf3 Ngf6 6. Nxf6+ Nxf6 7. Bd3 b6
8. Ne5 Qd5 9. Qf3 Qxf3 10. Nxf3 Bb7 11. Ke2 Bxf3+ 12. Kxf3 O-O-O 13. Be3 Be7
14. Rad1 Kb7 15. c3 Rd7 16. Ke2 h6 17. Bf4 Bd6 18. Be5 Bxe5 19. dxe5 Nd5 20.
Be4 Kc8 21. g3 Rhd8 22. c4 Ne7 23. Rxd7 Rxd7 24. Rd1 c5 25. Rxd7 Kxd7 26. Ke3
Nf5+ 27. Bxf5 exf5 28. h4 Ke6 1/2-1/2

[Event "Open SSC Rostock 07"]
[Site "Rostock"]
[Date "2008.08.29"]
[Round "4.8"]
[White "Hittinger, Immanuel"]
[Black "Hamann, Dirk"]
[Result "1/2-1/2"]
[WhiteElo "1941"]
[BlackElo "2088"]
[PlyCount "73"]
[EventDate "2008.08.28"]
[EventType "swiss"]
[EventRounds "7"]
[EventCountry "GER"]
[Source "Th.Schwetlick"]
[SourceDate "2008.08.28"]
[WhiteTeam "SK Bebenhausen 1992"]
[BlackTeam "SF Ostsee Warnemuende"]

1. d4 Nf6 2. c4 e5 3. dxe5 Ng4 4. Bf4 Nc6 5. Nf3 Bb4+ 6. Nbd2 Qe7 7. a3 Ngxe5
8. Nxe5 Nxe5 9. Bxe5 Bxd2+ 10. Qxd2 Qxe5 11. e3 O-O 12. Be2 d6 13. O-O Re8 14.
Rfd1 Re6 15. Qd4 Qxd4 16. Rxd4 Re5 17. Bf3 a5 18. Rc1 Be6 19. Rd2 Rc5 20. Bd5
a4 21. Rcc2 Bxd5 22. Rxd5 Raa5 23. Rxc5 Rxc5 24. Rc3 f5 25. Kf1 Kf7 26. Ke2 Ke6
27. f3 Ke5 28. Kd3 g5 29. g3 h5 30. f4+ gxf4 31. exf4+ Ke6 32. Kd4 Rc6 33. Re3+
Kf7 34. Kd5 Rb6 35. Re2 Rb3 36. c5 dxc5 37. Kxc5 1/2-1/2

[Event "Open SSC Rostock 07"]
[Site "Rostock"]
[Date "2008.08.29"]
[Round "4.9"]
[White "Stutz, Reno"]
[Black "Raitza, Egon"]
[Result "1-0"]
[WhiteElo "2068"]
[BlackElo "1869"]
[PlyCount "65"]
[EventDate "2008.08.28"]
[EventType "swiss"]
[EventRounds "7"]
[EventCountry "GER"]
[Source "Th.Schwetlick"]
[SourceDate "2008.08.28"]
[WhiteTeam "ASV Gruen-Weiss Wismar"]
[BlackTeam "SSC Rostock 07"]

1. e4 e6 2. d4 d5 3. Nd2 dxe4 4. Nxe4 Nd7 5. Bd3 Ngf6 6. Nxf6+ Nxf6 7. Bg5 Be7
8. Qd2 Bd7 9. Ne2 Bc6 10. f3 O-O 11. c4 b6 12. O-O Qd7 13. Rad1 Rad8 14. Qc2 h6
15. Bh4 Bb7 16. Kh1 Qc8 17. Be4 Bxe4 18. fxe4 c5 19. e5 Nd5 20. cxd5 Bxh4 21.
Qe4 Bg5 22. d6 Rd7 23. h4 f5 24. exf6 Bxf6 25. dxc5 bxc5 26. Qxe6+ Kh8 27. Nf4
Re8 28. Ng6+ Kh7 29. Qf5 Kg8 30. b3 Re2 31. Qd5+ Kh7 32. Qd3 Re8 33. Ne7+ 1-0

[Event "Open SSC Rostock 07"]
[Site "Rostock"]
[Date "2008.08.29"]
[Round "4.10"]
[White "Zimmermann, Ulrich"]
[Black "Krueger, Alexander"]
[Result "0-1"]
[WhiteElo "1818"]
[BlackElo "2055"]
[PlyCount "124"]
[EventDate "2008.08.28"]
[EventType "swiss"]
[EventRounds "7"]
[EventCountry "GER"]
[Source "Th.Schwetlick"]
[SourceDate "2008.08.28"]
[WhiteTeam "SK Bebenhausen 1992"]
[BlackTeam "SF Ostsee Warnemuende"]

1. e4 e6 2. d4 d5 3. Nc3 dxe4 4. Nxe4 Nf6 5. Nxf6+ gxf6 6. Nf3 Nc6 7. Be3 b6 8.
c3 Bb7 9. Bd3 Be7 10. Qd2 Qd7 11. O-O-O O-O-O 12. Kb1 h5 13. Qe2 h4 14. h3 Rdg8
15. Rhg1 Bd6 16. Bb5 Qe7 17. c4 Nb8 18. Rc1 c5 19. dxc5 Bxc5 20. a3 a6 21. Ba4
Bxe3 22. Qxe3 Qc5 23. Qe2 Qf5+ 24. Bc2 Bxf3 25. Qxf3 Qxf3 26. gxf3 Kd7 27. f4
f5 28. b4 Nc6 29. Rce1 Nd4 30. Bd1 Kd6 31. Kb2 Ke7 32. Kc3 Rd8 33. Rg5 Kf6 34.
Rgg1 Nc6 35. Bf3 Ne7 36. Re3 Ng6 37. Bb7 a5 38. bxa5 bxa5 39. Rf3 Rd7 40. Bc6
Rd6 41. Bb5 Rhd8 42. c5 Rd5 43. Kc4 Rd4+ 44. Kc3 R4d5 45. Kc4 Rc8 46. c6 Ne7
47. Rd3 Rxd3 48. Kxd3 Nxc6 49. Rc1 Nb4+ 50. Kd2 Rd8+ 51. Ke2 Nd5 52. Kf3 Ne7
53. Rc7 Rd4 54. Ra7 Nd5 55. Rxa5 Nxf4 56. Bf1 Ng6 57. Ra8 e5 58. a4 Rb4 59. a5
Nf4 60. Ke3 Rb3+ 61. Kd2 Rb2+ 62. Ke1 Rb1+ 0-1

[Event "Open SSC Rostock 07"]
[Site "Rostock"]
[Date "2008.08.29"]
[Round "4.11"]
[White "Jaensch, Robert"]
[Black "Friedrich, Paul Robert"]
[Result "0-1"]
[WhiteElo "1577"]
[BlackElo "2043"]
[PlyCount "54"]
[EventDate "2008.08.28"]
[EventType "swiss"]
[EventRounds "7"]
[EventCountry "GER"]
[Source "Th.Schwetlick"]
[SourceDate "2008.08.28"]
[WhiteTeam "SSC Rostock 07"]
[BlackTeam "SC Neukloster"]

1. e4 e6 2. c4 c5 3. Nc3 Nc6 4. g3 g6 5. Bg2 Bg7 6. d3 Nge7 7. Be3 Nd4 8. Nge2
O-O 9. O-O d6 10. Rb1 Rb8 11. b4 Nec6 12. a3 b6 13. f4 Nxe2+ 14. Nxe2 Nd4 15.
Nxd4 Bxd4 16. Bxd4 cxd4 17. h4 e5 18. h5 Rb7 19. Rb2 f6 20. Kh2 Rg7 21. h6 Rc7
22. b5 Rff7 23. f5 Qf8 24. Rh1 Qxh6+ 25. Kg1 Qe3+ 26. Kf1 gxf5 27. exf5 Bxf5
0-1

[Event "Open SSC Rostock 07"]
[Site "Rostock"]
[Date "2008.08.29"]
[Round "4.12"]
[White "Boehm, Matthias"]
[Black "Porsch, Harald"]
[Result "1/2-1/2"]
[WhiteElo "1756"]
[BlackElo "2195"]
[PlyCount "45"]
[EventDate "2008.08.28"]
[EventType "swiss"]
[EventRounds "7"]
[EventCountry "GER"]
[Source "Th.Schwetlick"]
[SourceDate "2008.08.28"]
[WhiteTeam "HSG Uni Rostock"]
[BlackTeam "SC Rotation Pankow"]

1. e4 c5 2. f4 e6 3. Nf3 d6 4. Nc3 a6 5. d3 Nc6 6. g3 Qc7 7. Bg2 Nf6 8. O-O Be7
9. Kh1 O-O 10. Be3 b5 11. Nh4 Ne8 12. Qh5 b4 13. Ne2 Bb7 14. f5 Nf6 15. Qf3 Ne5
16. Qf2 Nfg4 17. Qg1 Qd8 18. Nf3 Nxf3 19. Rxf3 d5 20. fxe6 fxe6 21. Rxf8+ Qxf8
22. Rf1 Qc8 23. exd5 1/2-1/2

[Event "Open SSC Rostock 07"]
[Site "Rostock"]
[Date "2008.08.29"]
[Round "4.13"]
[White "Jeske, Holger"]
[Black "Hauff, Andre"]
[Result "1/2-1/2"]
[WhiteElo "1748"]
[BlackElo "2095"]
[PlyCount "89"]
[EventDate "2008.08.28"]
[EventType "swiss"]
[EventRounds "7"]
[EventCountry "GER"]
[Source "Th.Schwetlick"]
[SourceDate "2008.08.28"]
[WhiteTeam "SSC Rostock 07"]
[BlackTeam "ESV 1949 Eberswalde"]

1. c4 e5 2. e4 Nc6 3. g3 Nf6 4. Bg2 g6 5. Ne2 Bg7 6. O-O O-O 7. d3 d6 8. h3 h5
9. Bg5 Be6 10. Nbc3 Qd7 11. Kh2 Nh7 12. Qd2 Nxg5 13. Qxg5 Kh7 14. Qd2 f5 15.
Nd5 Bh6 16. Qc3 f4 17. gxf4 exf4 18. f3 Qd8 19. d4 g5 20. b4 Rf7 21. b5 Ne7 22.
Nxe7 Qxe7 23. d5 Bd7 24. Rh1 Bg7 25. Nd4 Rh8 26. Rad1 Be5 27. Qa5 g4 28. hxg4
hxg4 29. Kg1+ Kg8 30. Rxh8+ Kxh8 31. Qxa7 Qh4 32. Kf1 Qh2 33. Ne6 gxf3 34. Bxf3
Bxe6 35. dxe6 Qh3+ 36. Ke2 Qxe6 37. Qb8+ Kg7 38. Rg1+ Kf6 39. Qd8+ Qe7 40. Qh8+
Rg7 41. Qh4+ Kf7 42. Qh5+ Kg8 43. Rxg7+ Qxg7 44. Qe8+ Kh7 45. Qh5+ 1/2-1/2